Представление документа в формате MARC21

Поле Инд. ПП Название Значение
Тип записи a
Библиографический уровень b
001 Контрольный номер RU/IS/BASE/310229513
005 Дата корректировки 20200601191445.7
008 Кодируемые данные 20091030
040 b Код языка каталог. rus
e Правила каталог. PSBO
041 0_ a Код языка текста rus
084 a Индекс другой классификации/Индекс ББК 67.408.113
100 1_ a Автор Каменева А. Н.
245 10 a Заглавие Проблема "согласия" жертвы при квалификации изнасилования в России и зарубежных странах
504 a Библиография Библиогр. ссылки
650 a Основная рубрика право
a Основная рубрика уголовное право
653 a Ключевые слова жертвы сексуального насилия
a Ключевые слова изнасилование
a Ключевые слова квалификация преступлений
a Ключевые слова половая неприкосновенность
a Ключевые слова преступления против личности
a Ключевые слова преступления против половой неприкосновенности
a Ключевые слова согласие
a Ключевые слова супружеское изнасилование
773 08 t Заглавие источника Вестник Московского университета. Серия 11, Право
d Дата издания источника 2008
g Прочая информация № 2. - С. 76 - 85
w Контрольный № источника RU/IS/BASE/286474784
901 t Тип документа b